| 000 | 00673cac a22001931u 4500 | ||
|---|---|---|---|
| 090 | _c6602 | ||
| 008 | 090108t 2004xxu||||| |||| 00| 0 eng d | ||
| 020 | _a 0631231935 (hbk.) | ||
| 082 |
_a658.049 _bBUS |
||
| 100 | _a20080729 | ||
| 245 |
_aThe Blackwell handbook of global management : _b a guide to managing complexity / _cedited by Henry W. Lane ... [et al.]. |
||
| 260 |
_aOxford : _b Blackwell, _c2004 |
||
| 260 | _bDistributer: Al-Ahram | ||
| 300 |
_axxiii, 476 p. ; _c 25 cm |
||
| 440 | _aHandbooks in management | ||
| 504 | _aIncludes bibliographical references and index | ||
| 700 |
_aLane, Henry W., _d 1942- |
||
| 942 |
_cBB _k658.049BUS _2ddc |
||
| 999 |
_c6602 _d6602 |
||